[Event "4. Open Ciudad de Tres Cantos 2012"]
[Site "Tres Cantos ESP"]
[Date "2012.06.24"]
[Round "4.16"]
[White "Gomez Celdran, Francisco Miguel"]
[Black "Romero Gomez, David"]
[Result "1-0"]
[WhiteElo "1965"]
[BlackElo "1646"]
[PlyCount "47"]
[EventDate "2012.06.21"]
[EventType "swiss"]
[EventRounds "9"]
[EventCountry "ESP"]
[Source "lmi"]
[SourceDate "2012.06.21"]

1. Nf3 Nf6 2. d4 e6 3. c4 b6 4. g3 Ba6 5. b3 Bb4+ 6. Bd2 Be7 7. Nc3 d5 8. Bg2
Bb7 9. O-O O-O 10. cxd5 Nxd5 11. Qb1 c5 12. dxc5 Nxc3 13. Bxc3 Bxc5 14. Ng5
Qxg5 15. Bxb7 Nd7 16. Bxa8 Rxa8 17. Qe4 Rc8 18. Qb7 Rd8 19. Rad1 Qe7 20. Rd3
Nb8 21. Qxe7 Bxe7 22. Rxd8+ Bxd8 23. Rd1 Be7 24. Bb4 1-0

[Event "4. Open Ciudad de Tres Cantos 2012"]
[Site "Tres Cantos ESP"]
[Date "2012.06.24"]
[Round "4.17"]
[White "Santamaria Baeza, Adolfo"]
[Black "Barroso Barroso, Jorge"]
[Result "0-1"]
[WhiteElo "1934"]
[BlackElo "1812"]
[PlyCount "137"]
[EventDate "2012.06.21"]
[EventType "swiss"]
[EventRounds "9"]
[EventCountry "ESP"]
[Source "lmi"]
[SourceDate "2012.06.21"]

1. e4 e6 2. d4 d5 3. e5 c5 4. Nf3 Nc6 5. c3 Qb6 6. Qa4 Bd7 7. Bb5 Nxe5 8. Bxd7+
Nxd7 9. O-O Qc6 10. Qb3 Ngf6 11. Bg5 Ne4 12. Nbd2 Nxg5 13. Nxg5 Be7 14. Nh3 Qb6
15. dxc5 Qxb3 16. Nxb3 Nxc5 17. Nd4 a6 18. Rfe1 O-O 19. Rad1 Bf6 20. Re3 Rac8
21. g4 Na4 22. Re2 Nb6 23. g5 Bxd4 24. Rxd4 Rc4 25. Rd3 Rfc8 26. f3 Nd7 27. f4
Nc5 28. Rde3 Ne4 29. Kg2 Nd6 30. Kf3 Nf5 31. Rd3 d4 32. Red2 Kf8 33. cxd4 Ke7
34. d5 Rd8 35. dxe6 Rxd3+ 36. Rxd3 Nd4+ 37. Kf2 Rc2+ 38. Ke1 Nxe6 39. f5 Nc5
40. Re3+ Kd7 41. f6 gxf6 42. gxf6 Ne6 43. Rd3+ Kc6 44. Rd2 Rc5 45. Nf2 Rf5 46.
Nd3 Nf4 47. Ne5+ Rxe5+ 48. Kf2 Rf5 49. Kg3 Rxf6 50. Rc2+ Kd6 51. Rc4 Nd5 52.
Rh4 h6 53. a4 Ne3 54. Rb4 Kc6 55. a5 Kc7 56. Re4 Nf5+ 57. Kg4 Nd6 58. Re2 Kc6
59. Re5 Nc4 60. Re4 Nxa5 61. b4 Nb3 62. Re5 b6 63. Re3 Nd4 64. Re4 Ne6 65. Re5
Rf4+ 66. Kh5 Rxb4 67. h4 Rb5 68. Rxb5 axb5 69. Kxh6 0-1

[Event "4. Open Ciudad de Tres Cantos 2012"]
[Site "Tres Cantos ESP"]
[Date "2012.06.24"]
[Round "4.18"]
[White "Saber, Salah"]
[Black "Bernal Zajarov, Mateo"]
[Result "0-1"]
[WhiteElo "1929"]
[BlackElo "1506"]
[PlyCount "87"]
[EventDate "2012.06.21"]
[EventType "swiss"]
[EventRounds "9"]
[EventCountry "ESP"]
[Source "lmi"]
[SourceDate "2012.06.21"]

1. e4 c5 2. Nc3 Nc6 3. f4 g6 4. Nf3 Bg7 5. Be2 e6 6. O-O Nge7 7. Qe1 O-O 8. d3
a6 9. Be3 d6 10. h3 b5 11. Nd1 Bb7 12. c3 b4 13. Nh4 f5 14. Nf3 bxc3 15. bxc3
Rb8 16. Ng5 Qd7 17. Nf2 Nd8 18. Rb1 Nf7 19. h4 h6 20. Ngh3 Bf6 21. g3 Kh7 22.
Bf3 Rg8 23. Qd2 e5 24. Bg2 Qa4 25. Rb3 Bc6 26. Rfb1 Rb5 27. c4 Rxb3 28. axb3
Qb4 29. Qxb4 cxb4 30. Ra1 exf4 31. Re1 fxe3 32. Rxe3 fxe4 33. dxe4 Ne5 34. Re2
a5 35. Rd2 a4 36. bxa4 Nxc4 37. Rc2 Na3 38. Rd2 b3 39. Nd1 Nc4 40. Rd3 Bxa4 41.
Nf4 Nb2 42. Nxb2 Bxb2 43. Rxd6 Be5 44. Ra6 0-1

[Event "4. Open Ciudad de Tres Cantos 2012"]
[Site "Tres Cantos ESP"]
[Date "2012.06.24"]
[Round "4.19"]
[White "Hernandez Mateo, Borja"]
[Black "Lopez Ziegler, Carlos"]
[Result "1/2-1/2"]
[WhiteElo "1719"]
[BlackElo "1913"]
[PlyCount "80"]
[EventDate "2012.06.21"]
[EventType "swiss"]
[EventRounds "9"]
[EventCountry "ESP"]
[Source "lmi"]
[SourceDate "2012.06.21"]

1. e4 Nf6 2. d3 e5 3. Nf3 Nc6 4. Bg5 h6 5. Bh4 Bc5 6. c3 Qe7 7. Nbd2 d6 8. b4
Bb6 9. a4 a5 10. b5 Nd8 11. h3 Ne6 12. Nc4 Bc5 13. Nfd2 Nf4 14. Nb3 Ba7 15.
Nbxa5 g5 16. Bg3 N6h5 17. Bxf4 Nxf4 18. g3 Ne6 19. Nb3 Qf6 20. Ra2 g4 21. h4
Nc5 22. Nxc5 Bxc5 23. Ne3 Be6 24. Nd5 Bxd5 25. exd5 h5 26. Bg2 O-O 27. O-O Qg7
28. Kh2 f5 29. f4 exf4 30. d4 fxg3+ 31. Kxg3 Bb6 32. Rf4 Ba5 33. Qd3 Rae8 34.
Raf2 Qe7 35. Rxf5 Rxf5 36. Rxf5 Qe1+ 37. Kh2 Qxh4+ 38. Kg1 Qe1+ 39. Kh2 Qh4+
40. Kg1 Qe1+ 1/2-1/2

[Event "4. Open Ciudad de Tres Cantos 2012"]
[Site "Tres Cantos ESP"]
[Date "2012.06.24"]
[Round "4.20"]
[White "Perez Vazquez, Manuel"]
[Black "Montoya Pecurul, Marc"]
[Result "0-1"]
[WhiteElo "1734"]
[BlackElo "1892"]
[PlyCount "104"]
[EventDate "2012.06.21"]
[EventType "swiss"]
[EventRounds "9"]
[EventCountry "ESP"]
[Source "lmi"]
[SourceDate "2012.06.21"]

1. d4 d5 2. c4 e6 3. Nc3 Nf6 4. Bg5 Be7 5. e3 O-O 6. Nf3 b6 7. cxd5 exd5 8. Bd3
Bb7 9. Qc2 Nbd7 10. h4 c5 11. O-O-O c4 12. Bf5 a5 13. g4 a4 14. a3 g6 15. Bxf6
Bxf6 16. g5 Bg7 17. Bxd7 Qxd7 18. Ne5 Bxe5 19. dxe5 b5 20. Nxd5 Bxd5 21. e4 Qb7
22. exd5 b4 23. Rh3 c3 24. bxc3 bxa3 25. c4 Qb4 26. Qc3 a2 27. Qxb4 a1=Q+ 28.
Kd2 Qxe5 29. Qc3 Qf4+ 30. Ke1 Qg4 31. Rc1 a3 32. Qf3 Qg1+ 33. Kd2 Qxc1+ 34.
Kxc1 a2 35. Qc3 a1=Q+ 36. Qxa1 Rxa1+ 37. Kb2 Rd1 38. Kc2 Rf1 39. Rf3 Rc8 40.
Rf4 Kf8 41. Kd3 Rd1+ 42. Kc2 Ra1 43. Kd3 Ra4 44. Re4 Re8 45. Rd4 Ra3+ 46. Kd2
Rb8 47. d6 Rb2+ 48. Kc1 Rxf2 49. Kb1 Ke8 50. d7+ Kd8 51. c5 Rb3+ 52. Kc1 Rc3+
0-1

[Event "4. Open Ciudad de Tres Cantos 2012"]
[Site "Tres Cantos ESP"]
[Date "2012.06.24"]
[Round "4.21"]
[White "Baeza Escudero, Javier"]
[Black "Rodriguez Gomez, Jose"]
[Result "1-0"]
[WhiteElo "2031"]
[BlackElo "1708"]
[PlyCount "183"]
[EventDate "2012.06.21"]
[EventType "swiss"]
[EventRounds "9"]
[EventCountry "ESP"]
[Source "lmi"]
[SourceDate "2012.06.21"]

1. e4 e5 2. Nf3 Nc6 3. d4 d6 4. Bc4 exd4 5. O-O Be7 6. Nxd4 Nxd4 7. Qxd4 Nf6 8.
Nc3 O-O 9. f4 c6 10. Kh1 Nd7 11. b3 b5 12. Be2 Bf6 13. Qe3 b4 14. e5 dxe5 15.
fxe5 Bxe5 16. Bb2 bxc3 17. Ba3 Re8 18. Rxf7 Bf6 19. Bc4 Kh8 20. Qf4 Ne5 21. Be7
Nxf7 22. Bxd8 Nxd8 23. Qc7 Be6 24. Re1 h6 25. Bd3 Kg8 26. Bg6 Re7 27. Qd6 Rc8
28. h3 Nf7 29. Qc5 Nd8 30. a4 Rcc7 31. Bd3 Bd5 32. Rf1 Nb7 33. Qxa7 c5 34. Bg6
Rc8 35. Qa6 Rf8 36. Qd3 Bf7 37. Bf5 Bd4 38. Qf3 Nd6 39. Bd3 Bf6 40. a5 c4 41.
bxc4 Bxc4 42. Bxc4+ Nxc4 43. Qd5+ Kh8 44. Qxc4 Rfe8 45. a6 Ra7 46. Ra1 Rea8 47.
Qc6 Kh7 48. h4 Kh8 49. Kh2 Bxh4 50. Kh3 Bf6 51. Kg4 Be5 52. Kf5 Bf6 53. Kg6 Rf8
54. g4 Rfa8 55. Rb1 Be5 56. Rb6 Bd4 57. Rb7 Rxa6 58. Rb8+ Rxb8 59. Qxa6 Rf8 60.
Kh5 Bf6 61. Qd6 Rd8 62. Qe6 Kh7 63. Qc4 Rd2 64. Qe4+ Kh8 65. Kg6 Rd8 66. Qe3
Rf8 67. g5 Bxg5 68. Qxc3 Rf6+ 69. Kh5 Kh7 70. Kg4 Rf4+ 71. Kg3 Rf7 72. Qd3+ g6
73. c4 Bf4+ 74. Kf3 Bc7+ 75. Ke4 h5 76. Qd5 Rg7 77. Qg5 Rf7 78. Kd4 Bf4 79. Qd5
Rg7 80. c5 h4 81. Qe4 Bg3 82. Qg4 Rc7 83. Kd5 Rg7 84. c6 Kh6 85. Ke6 g5 86. Kf6
Bf4 87. Qc8 Rc7 88. Qh8+ Rh7 89. Qf8+ Rg7 90. Qxg7+ Kh5 91. c7 h3 92. c8=Q 1-0

[Event "4. Open Ciudad de Tres Cantos 2012"]
[Site "Tres Cantos ESP"]
[Date "2012.06.24"]
[Round "4.22"]
[White "Sierra Bermejo, Gregorio"]
[Black "Garcia De Quesada, Ignacio"]
[Result "1/2-1/2"]
[WhiteElo "1663"]
[BlackElo "1909"]
[PlyCount "101"]
[EventDate "2012.06.21"]
[EventType "swiss"]
[EventRounds "9"]
[EventCountry "ESP"]
[Source "lmi"]
[SourceDate "2012.06.21"]

1. e4 c5 2. Nf3 Nc6 3. d4 cxd4 4. Nxd4 Nf6 5. Nc3 e5 6. Ndb5 d6 7. Bg5 a6 8.
Bxf6 gxf6 9. Na3 b5 10. Nd5 Bg7 11. c3 O-O 12. Nc2 f5 13. exf5 Bxf5 14. Bd3 e4
15. Be2 Ne5 16. Nce3 Be6 17. h4 f5 18. Nf4 Qd7 19. Nxe6 Qxe6 20. Qd5 Qxd5 21.
Nxd5 f4 22. O-O-O f3 23. gxf3 exf3 24. Bd3 Kh8 25. Rhg1 Ra7 26. Bc2 Bh6+ 27.
Kb1 Nc4 28. Nb4 Re7 29. Bd3 Nd2+ 30. Kc2 a5 31. Nc6 Rb7 32. Rxd2 Bxd2 33. Kxd2
b4 34. c4 a4 35. Be4 Rf4 36. Bd5 Rg7 37. Re1 Rf8 38. Nd4 Rg2 39. Ke3 Re8+ 40.
Ne6 Rh2 41. Kxf3 Rxh4 42. Kg3 Rh6 43. f4 Rg8+ 44. Ng5 Rgg6 45. Re8+ Kg7 46. Kf3
Rh2 47. Rg8+ Kf6 48. Ne4+ Ke7 49. Rxg6 hxg6 50. Nf2 Rh8 51. Kg3 1/2-1/2

[Event "4. Open Ciudad de Tres Cantos 2012"]
[Site "Tres Cantos ESP"]
[Date "2012.06.24"]
[Round "4.23"]
[White "Pindado Campos, Raul"]
[Black "Ballesteros Jimenez, Miguel A"]
[Result "1-0"]
[WhiteElo "1908"]
[BlackElo "1672"]
[PlyCount "99"]
[EventDate "2012.06.21"]
[EventType "swiss"]
[EventRounds "9"]
[EventCountry "ESP"]
[Source "lmi"]
[SourceDate "2012.06.21"]

1. f4 g6 2. Nf3 Bg7 3. e4 c5 4. Bc4 e6 5. O-O Ne7 6. c3 O-O 7. d3 d5 8. Bb3
dxe4 9. dxe4 Qxd1 10. Rxd1 Nbc6 11. Be3 b6 12. Nbd2 Bb7 13. Nc4 Rab8 14. a4
Rfd8 15. Ng5 Rxd1+ 16. Rxd1 h6 17. Nf3 Rd8 18. Rxd8+ Nxd8 19. Bc2 Bc6 20. a5
Nb7 21. axb6 axb6 22. Nxb6 Kf8 23. Nd2 Ng8 24. Nb3 Nf6 25. Nxc5 Kg8 26. Nxb7
Bxb7 27. e5 Ne4 28. Nc4 Bd5 29. Nd6 Nxd6 30. exd6 Bc6 31. Bc5 Bf8 32. Bd1 Kg7
33. Bf3 Bd7 34. b4 Kf6 35. Bd4+ Kf5 36. Be5 g5 37. g4+ Kg6 38. fxg5 hxg5 39.
Be4+ f5 40. gxf5+ exf5 41. Bg2 Bg7 42. Bxg7 Kxg7 43. c4 Kf6 44. c5 Ke6 45. c6
Bxc6 46. Bxc6 Kxd6 47. b5 f4 48. h3 Kc5 49. Kf2 Kb6 50. Kf3 1-0

[Event "4. Open Ciudad de Tres Cantos 2012"]
[Site "Tres Cantos ESP"]
[Date "2012.06.24"]
[Round "4.24"]
[White "De Torres Lopez, Javier"]
[Black "Nuñez Miranda, Adrian"]
[Result "0-1"]
[WhiteElo "1627"]
[BlackElo "1902"]
[PlyCount "164"]
[EventDate "2012.06.21"]
[EventType "swiss"]
[EventRounds "9"]
[EventCountry "ESP"]
[Source "lmi"]
[SourceDate "2012.06.21"]

1. f4 e5 2. fxe5 d6 3. exd6 Bxd6 4. Nf3 g5 5. d4 g4 6. Ne5 Bxe5 7. dxe5 Qxd1+
8. Kxd1 Nc6 9. Bf4 Nge7 10. Nc3 Be6 11. g3 O-O-O+ 12. Ke1 Nb4 13. Rc1 Ned5 14.
Bg5 Rd7 15. a3 Nxc3 16. axb4 Na2 17. Ra1 Nxb4 18. Rxa7 Kb8 19. Ra5 Nxc2+ 20.
Kf2 b6 21. Ra4 Rg8 22. Bg2 Bd5 23. Bxd5 Rxd5 24. Bf6 Kb7 25. Rc4 Rc5 26. Rxc5
bxc5 27. Rc1 Nb4 28. Rxc5 Kb6 29. Rc4 c5 30. Be7 Na6 31. Rf4 Rg7 32. Bf8 Rg5
33. Rf6+ Kb5 34. Bd6 Rg7 35. Ke3 Nb4 36. Bf8 Rg5 37. Ke4 Nc6 38. Rf5 Rxf5 39.
Kxf5 Kc4 40. Bg7 Nd8 41. Bf8 Kd5 42. Bd6 c4 43. Kf6 Nc6 44. Kf5 Nd4+ 45. Kxg4
Nxe2 46. Kf3 Nc1 47. Ke3 Nd3 48. Ba3 Nxe5 49. h3 h6 50. Bb4 Nd3 51. Bc3 h5 52.
Kf3 f5 53. h4 Kc6 54. Ke3 Kc5 55. Kf3 Kb5 56. Ke3 Ka4 57. Kd2 Kb3 58. Bf6 Nxb2
59. Bc3 Na4 60. Be5 Nc5 61. Ke3 Kc2 62. Bh8 Ne6 63. Be5 Kb3 64. Kd2 Nc5 65. Ke3
Nd3 66. Bf6 Nb4 67. Kf3 Kc2 68. Ke2 c3 69. Kf3 Nd5 70. Bd4 Kd3 71. Bxc3 Kxc3
72. Ke2 Kd4 73. Kf3 Kd3 74. Kf2 Ke4 75. Ke2 Nf6 76. Kf2 Nd7 77. Ke2 Ne5 78. Kf2
Kd3 79. Kf1 Ke3 80. Kg2 Ke2 81. Kg1 Kf3 82. Kh2 Nd3 0-1

[Event "4. Open Ciudad de Tres Cantos 2012"]
[Site "Tres Cantos ESP"]
[Date "2012.06.24"]
[Round "4.25"]
[White "Campos Palacios, Daniel"]
[Black "Blanco Fuente, Carlos"]
[Result "1-0"]
[WhiteElo "1896"]
[BlackElo "1658"]
[PlyCount "35"]
[EventDate "2012.06.21"]
[EventType "swiss"]
[EventRounds "9"]
[EventCountry "ESP"]
[Source "lmi"]
[SourceDate "2012.06.21"]

1. e4 c6 2. Nc3 d5 3. Nf3 dxe4 4. Nxe4 Bf5 5. Ng3 Bg6 6. h4 h6 7. Ne5 Bh7 8.
Qh5 g6 9. Bc4 e6 10. Qe2 Qc7 11. d4 Bd6 12. Bf4 Qe7 13. Ne4 Bxe5 14. dxe5 b6
15. O-O-O Nd7 16. Nd6+ Kf8 17. Qf3 Nb8 18. Rd2 1-0

[Event "4. Open Ciudad de Tres Cantos 2012"]
[Site "Tres Cantos ESP"]
[Date "2012.06.24"]
[Round "4.26"]
[White "Fernandez Muñoz, Emiliano"]
[Black "Camarero Izquierdo, Juan Carlos"]
[Result "1-0"]
[WhiteElo "2050"]
[BlackElo "1890"]
[PlyCount "37"]
[EventDate "2012.06.21"]
[EventType "swiss"]
[EventRounds "9"]
[EventCountry "ESP"]
[Source "lmi"]
[SourceDate "2012.06.21"]

1. e4 c5 2. b3 Nf6 3. e5 Nd5 4. Qf3 e6 5. Nc3 Nb4 6. Qe4 N8c6 7. a3 f5 8. exf6
d5 9. f7+ Kd7 10. Qg4 Nxc2+ 11. Kd1 Nxa1 12. Nxd5 Nxb3 13. Bb2 Ncd4 14. Nf3
Nxf3 15. gxf3 Qa5 16. Bc3 Qxa3 17. Bb5+ Kd6 18. Qf4+ Kxd5 19. Qe4+ 1-0

[Event "4. Open Ciudad de Tres Cantos 2012"]
[Site "Tres Cantos ESP"]
[Date "2012.06.24"]
[Round "4.27"]
[White "Fernandez Sanchez, Lorenzo"]
[Black "Fernandez Gil, Ruben Carlos"]
[Result "1-0"]
[WhiteElo "1851"]
[BlackElo "1888"]
[PlyCount "61"]
[EventDate "2012.06.21"]
[EventType "swiss"]
[EventRounds "9"]
[EventCountry "ESP"]
[Source "lmi"]
[SourceDate "2012.06.21"]

1. d4 Nf6 2. c4 e6 3. Nc3 Bb4 4. a3 Bxc3+ 5. bxc3 O-O 6. Bg5 h6 7. Bh4 c5 8.
Nf3 g5 9. Bg3 Ne4 10. Qc2 f5 11. h4 g4 12. Ne5 Qa5 13. Rc1 cxd4 14. Nxg4 Nxc3
15. Nxh6+ Kh7 16. Qd2 Nc6 17. Bf4 Qxa3 18. f3 Qb4 19. g4 Na2 20. Qxb4 Ncxb4 21.
Bd6 Rf6 22. Bxb4 Nxc1 23. g5 Rg6 24. Nf7 Rg7 25. h5 Rg8 26. g6+ Kg7 27. Be7 d5
28. Rg1 Rh8 29. Nxh8 Kxh8 30. Bf6+ Kg8 31. h6 1-0

[Event "4. Open Ciudad de Tres Cantos 2012"]
[Site "Tres Cantos ESP"]
[Date "2012.06.24"]
[Round "4.28"]
[White "Rodriguez Vellon, Jimena"]
[Black "Largo Barbero, Benito"]
[Result "0-1"]
[WhiteElo "1669"]
[BlackElo "1864"]
[PlyCount "60"]
[EventDate "2012.06.21"]
[EventType "swiss"]
[EventRounds "9"]
[EventCountry "ESP"]
[Source "lmi"]
[SourceDate "2012.06.21"]

1. e4 e6 2. Nf3 a6 3. Nc3 b5 4. a3 Bb7 5. d3 Bc5 6. Be2 Nc6 7. O-O Nf6 8. Bg5
h6 9. Bh4 g5 10. Bg3 Nh5 11. Ne5 Nxg3 12. Nxc6 Nxe2+ 13. Nxe2 Bxc6 14. b4 Bb6
15. Re1 Qf6 16. d4 O-O-O 17. Qd3 h5 18. e5 Qg6 19. Qd2 h4 20. c3 g4 21. Qf4
Rdf8 22. Kf1 f6 23. Rad1 fxe5 24. Qxe5 g3 25. Rc1 Rxf2+ 26. Kg1 Rxg2+ 27. Kf1
Rf8+ 28. Nf4 Qd3+ 29. Re2 Rxf4+ 30. Ke1 Rg1# 0-1

[Event "4. Open Ciudad de Tres Cantos 2012"]
[Site "Tres Cantos ESP"]
[Date "2012.06.24"]
[Round "4.29"]
[White "Garcia Burguillo, Javier"]
[Black "Hernandez Ramos, David"]
[Result "1-0"]
[WhiteElo "1850"]
[BlackElo "1619"]
[PlyCount "37"]
[EventDate "2012.06.21"]
[EventType "swiss"]
[EventRounds "9"]
[EventCountry "ESP"]
[Source "lmi"]
[SourceDate "2012.06.21"]

1. e4 e6 2. d4 d5 3. exd5 exd5 4. Bd3 Bd6 5. Qf3 Nc6 6. c3 Nf6 7. h3 O-O 8. Bg5
Re8+ 9. Ne2 Be7 10. Nd2 h6 11. Bf4 Be6 12. g4 Nh7 13. Qg3 Rc8 14. h4 f6 15. g5
fxg5 16. Bxh7+ Kxh7 17. hxg5 Bf8 18. gxh6 gxh6 19. Qd3+ 1-0

[Event "4. Open Ciudad de Tres Cantos 2012"]
[Site "Tres Cantos ESP"]
[Date "2012.06.24"]
[Round "4.30"]
[White "Martin Espeja, Jorge J"]
[Black "Bravo Dominguez, Eduardo"]
[Result "1-0"]
[WhiteElo "1830"]
[BlackElo "1596"]
[PlyCount "89"]
[EventDate "2012.06.21"]
[EventType "swiss"]
[EventRounds "9"]
[EventCountry "ESP"]
[Source "lmi"]
[SourceDate "2012.06.21"]

1. e4 e6 2. d4 d5 3. e5 c5 4. c3 Qb6 5. Nf3 Nc6 6. Qb3 Qxb3 7. axb3 cxd4 8.
cxd4 Bb4+ 9. Nc3 Nge7 10. Bd3 Nf5 11. Bxf5 exf5 12. O-O Be6 13. Nb5 O-O 14. Be3
a6 15. Nc3 Na5 16. Nd2 f6 17. Ra4 Nc6 18. f4 b5 19. Ra2 fxe5 20. fxe5 Na5 21.
Rfa1 f4 22. Bf2 Rfc8 23. Rxa5 Bxa5 24. Rxa5 b4 25. Ne2 g5 26. Rc5 a5 27. h4 h6
28. hxg5 hxg5 29. Kf1 a4 30. bxa4 Rxa4 31. Rxc8+ Bxc8 32. Nc1 Ba6+ 33. Ke1 Ra1
34. Ndb3 Rb1 35. Kd1 Rxb2 36. Nd2 Bc4 37. g3 f3 38. g4 Kf7 39. Be3 Be2+ 40.
Nxe2 fxe2+ 41. Kxe2 b3 42. Kd3 Rc2 43. Bxg5 Kg6 44. Be3 Rb2 45. Kc3 1-0

[Event "4. Open Ciudad de Tres Cantos 2012"]
[Site "Tres Cantos ESP"]
[Date "2012.06.24"]
[Round "4.31"]
[White "Bartolome Chicharro, Jesus"]
[Black "De Torres Lopez, Ruben"]
[Result "1-0"]
[WhiteElo "1807"]
[BlackElo "1345"]
[PlyCount "39"]
[EventDate "2012.06.21"]
[EventType "swiss"]
[EventRounds "9"]
[EventCountry "ESP"]
[Source "lmi"]
[SourceDate "2012.06.21"]

1. e4 e5 2. Nf3 Nc6 3. d4 exd4 4. Bc4 Nf6 5. O-O Bc5 6. c3 dxc3 7. Nxc3 O-O 8.
Bg5 d6 9. Nd5 Kh8 10. Nxf6 gxf6 11. Bh6 Re8 12. Bxf7 Rxe4 13. Qd5 Rg4 14. h3
Ne7 15. Qh5 Nf5 16. hxg4 Nxh6 17. Qxh6 Bxg4 18. Nh4 Bf5 19. Nxf5 Qd7 20. Qg7#
1-0

[Event "4. Open Ciudad de Tres Cantos 2012"]
[Site "Tres Cantos ESP"]
[Date "2012.06.24"]
[Round "4.33"]
[White "Yeves Miquel, Enrique"]
[Black "Fernandez Rodriguez, Fernando J"]
[Result "1/2-1/2"]
[WhiteElo "1748"]
[BlackElo "1495"]
[PlyCount "39"]
[EventDate "2012.06.21"]
[EventType "swiss"]
[EventRounds "9"]
[EventCountry "ESP"]
[Source "lmi"]
[SourceDate "2012.06.21"]

1. d4 d5 2. c4 c6 3. Nc3 Nf6 4. e3 e6 5. Nf3 Nbd7 6. Qc2 b6 7. Bd3 Bd6 8. O-O
Bb7 9. Rd1 Qc7 10. e4 dxe4 11. Nxe4 Nxe4 12. Bxe4 Nf6 13. c5 Nxe4 14. cxd6 Nxd6
15. Bf4 O-O 16. Rac1 Qe7 17. Ne5 Rac8 18. Qa4 Nb5 19. Qc4 Nd6 20. Qa4 1/2-1/2

[Event "4. Open Ciudad de Tres Cantos 2012"]
[Site "Tres Cantos ESP"]
[Date "2012.06.24"]
[Round "4.36"]
[White "Anton Prado, Augusto"]
[Black "Zuazua Conde, Ivan Javier"]
[Result "0-1"]
[WhiteElo "1775"]
[BlackElo "1532"]
[PlyCount "62"]
[EventDate "2012.06.21"]
[EventType "swiss"]
[EventRounds "9"]
[EventCountry "ESP"]
[Source "lmi"]
[SourceDate "2012.06.21"]

1. e4 e5 2. d4 exd4 3. Qxd4 Nc6 4. Qe3 Nf6 5. Nc3 d6 6. Bd2 g6 7. O-O-O Bg7 8.
h3 O-O 9. Bc4 Re8 10. f3 a6 11. a3 b5 12. Ba2 Rb8 13. b4 a5 14. Nd5 Be6 15. Bc3
Nxd5 16. Bxd5 Bxd5 17. Rxd5 axb4 18. axb4 Ne5 19. Bxe5 Rxe5 20. Rxe5 Bxe5 21.
f4 Bg7 22. Nf3 Ra8 23. Kd2 Qf6 24. e5 dxe5 25. Nxe5 Qd6+ 26. Nd3 Qc6 27. Qf3
Qc3+ 28. Kd1 Qa1+ 29. Nc1 Rd8+ 30. Ke2 Re8+ 31. Kf2 Bd4+ 0-1

[Event "4. Open Ciudad de Tres Cantos 2012"]
[Site "Tres Cantos ESP"]
[Date "2012.06.24"]
[Round "4.37"]
[White "Herranz Sanchez, Pablo"]
[Black "Delgado Mena, Diego"]
[Result "1-0"]
[WhiteElo "1724"]
[BlackElo "1524"]
[PlyCount "80"]
[EventDate "2012.06.21"]
[EventType "swiss"]
[EventRounds "9"]
[EventCountry "ESP"]
[Source "lmi"]
[SourceDate "2012.06.21"]

1. f4 f5 2. Nf3 Nf6 3. e3 e6 4. b3 b6 5. Bb2 Bb7 6. Be2 Be7 7. O-O O-O 8. h3 c5
9. c4 Nc6 10. Nc3 Nh5 11. Qe1 Nf6 12. Nh2 Nb4 13. Qd1 d5 14. a3 Nc6 15. cxd5
exd5 16. d4 Qd7 17. Nf3 cxd4 18. exd4 Qd8 19. Ne5 Nxe5 20. fxe5 Ne4 21. Nxe4
fxe4 22. a4 a5 23. Bg4 Ba6 24. Rxf8+ Qxf8 25. Be6+ Kh8 26. Bxd5 e3 27. Bxa8
Qxa8 28. Qf3 Qxf3 29. gxf3 Bb4 30. Rc1 e2 31. Kf2 Bd2 32. Ra1 e1=Q+ 33. Rxe1
Bxe1+ 34. Kxe1 Kg8 35. Kd2 Kf7 36. d5 Bb7 37. d6 Ke6 38. f4 g6 39. Bd4 Bd5 40.
Kc3 h5 1-0

[Event "4. Open Ciudad de Tres Cantos 2012"]
[Site "Tres Cantos ESP"]
[Date "2012.06.24"]
[Round "4.38"]
[White "Gonzalez Marquez, Jorge"]
[Black "Hernandez Ramos, Alberto"]
[Result "1-0"]
[WhiteElo "1721"]
[BlackElo "1407"]
[PlyCount "77"]
[EventDate "2012.06.21"]
[EventType "swiss"]
[EventRounds "9"]
[EventCountry "ESP"]
[Source "lmi"]
[SourceDate "2012.06.21"]

1. e4 e5 2. Nf3 Nc6 3. Bc4 Bc5 4. c3 Nf6 5. d4 exd4 6. cxd4 Bb4+ 7. Bd2 Bxd2+
8. Nbxd2 d5 9. exd5 Nxd5 10. O-O O-O 11. Rc1 Bg4 12. Qb3 Na5 13. Qb5 Nxc4 14.
Qxc4 c6 15. Qb3 Nb6 16. Qd3 Re8 17. Rfe1 Qf6 18. Ne5 Bh5 19. Ne4 Qe7 20. Nc5
Bg6 21. Qb3 Rad8 22. Nf3 Qc7 23. Re3 Rxe3 24. fxe3 Nd5 25. Qxb7 Qxb7 26. Nxb7
Rb8 27. Rxc6 Nxe3 28. Nd6 Nd1 29. b4 h6 30. a3 Nb2 31. Ne5 Bh5 32. g4 Bg6 33.
Nxg6 fxg6 34. Rc8+ Rxc8 35. Nxc8 a6 36. Ne7+ Kf7 37. Nc6 Nc4 38. a4 Nd6 39. Nb8
1-0

[Event "4. Open Ciudad de Tres Cantos 2012"]
[Site "Tres Cantos ESP"]
[Date "2012.06.24"]
[Round "4.39"]
[White "Cortijo Manso, Luis"]
[Black "Tolosana Esteban, Enrique"]
[Result "0-1"]
[WhiteElo "1561"]
[BlackElo "1718"]
[PlyCount "66"]
[EventDate "2012.06.21"]
[EventType "swiss"]
[EventRounds "9"]
[EventCountry "ESP"]
[Source "lmi"]
[SourceDate "2012.06.21"]

1. d4 Nf6 2. Nf3 g6 3. g3 Bg7 4. Bg2 O-O 5. O-O d6 6. c4 Na6 7. a3 Rb8 8. Nc3
c5 9. e3 Nc7 10. d5 b5 11. Nd2 Bd7 12. Re1 Qc8 13. Qe2 Ng4 14. e4 f5 15. f3
Bd4+ 16. Kh1 Nf2+ 17. Kg1 Nd3+ 18. Kf1 Nxe1 19. Kxe1 fxe4 20. Ncxe4 bxc4 21.
Qxc4 Bh3 22. Bh1 Qa6 23. Qxa6 Nxa6 24. Rb1 Bd7 25. Ng5 Bf5 26. Nde4 c4 27. Ne6
Bxe6 28. dxe6 c3 29. b4 Nc5 30. Nxc5 dxc5 31. b5 c2 32. Rb3 c4 33. Rb4 Bc3+ 0-1

[Event "4. Open Ciudad de Tres Cantos 2012"]
[Site "Tres Cantos ESP"]
[Date "2012.06.24"]
[Round "4.40"]
[White "Martin Rodriguez, Jose L"]
[Black "Garcia Hernandez, Javier"]
[Result "0-1"]
[WhiteElo "1449"]
[BlackElo "1713"]
[PlyCount "78"]
[EventDate "2012.06.21"]
[EventType "swiss"]
[EventRounds "9"]
[EventCountry "ESP"]
[Source "lmi"]
[SourceDate "2012.06.21"]

1. e4 e6 2. d4 d5 3. Nd2 Nf6 4. e5 Nfd7 5. f4 c5 6. c3 Nc6 7. Ndf3 Qb6 8. b3
cxd4 9. Nxd4 Nxd4 10. cxd4 Bb4+ 11. Kf2 Bc3 12. Be3 Bxa1 13. Qxa1 O-O 14. Nf3
Qc7 15. Bd3 f5 16. Ng5 Nb6 17. Rc1 Qe7 18. Qc3 h6 19. Nf3 Rb8 20. Qc7 Qxc7 21.
Rxc7 Bd7 22. Nh4 Rfc8 23. Rxc8+ Rxc8 24. h3 Kf7 25. g4 g6 26. Nf3 a6 27. Kg3
Rc3 28. Ne1 Bb5 29. Bxb5 Rxe3+ 30. Kf2 Rxe1 31. Be8+ Kxe8 32. Kxe1 fxg4 33.
hxg4 Nc8 34. Kf2 Ne7 35. Kg3 Nc6 36. Kh4 Nxd4 37. g5 Nf5+ 38. Kg4 h5+ 39. Kh3
d4 0-1

[Event "4. Open Ciudad de Tres Cantos 2012"]
[Site "Tres Cantos ESP"]
[Date "2012.06.24"]
[Round "4.41"]
[White "Sorribes Calle, Pablo"]
[Black "Jarne Anguita, Miguel"]
[Result "1-0"]
[WhiteElo "1692"]
[BlackElo "1327"]
[PlyCount "95"]
[EventDate "2012.06.21"]
[EventType "swiss"]
[EventRounds "9"]
[EventCountry "ESP"]
[Source "lmi"]
[SourceDate "2012.06.21"]

1. d4 d5 2. c4 Nf6 3. cxd5 Nxd5 4. e4 Nf6 5. Nc3 e6 6. Nf3 Bb4 7. Bd3 O-O 8.
Bg5 Be7 9. Qc2 b6 10. Bxf6 Bxf6 11. e5 Be7 12. Bxh7+ Kh8 13. Be4 c6 14. O-O Bb7
15. Rad1 Nd7 16. a3 Qc7 17. b4 a5 18. Rb1 Rfc8 19. Qe2 Rcb8 20. Rfc1 Qd8 21.
Nd2 g6 22. f4 Qf8 23. Nc4 axb4 24. axb4 Bxb4 25. Rb3 b5 26. Ne3 Ra7 27. Qf3 Rc8
28. Rcb1 Be7 29. Nxb5 Ra4 30. Nc3 Rxd4 31. Rxb7 Nc5 32. R7b2 Nd3 33. Bxd3 Rxd3
34. Ne4 Qd8 35. Rd1 Rxd1+ 36. Qxd1 Qxd1+ 37. Nxd1 Rd8 38. Rd2 Bc5+ 39. Kf1 Rxd2
40. Nxd2 Kg8 41. Ne4 Bb6 42. Ke2 c5 43. Kd3 Kh7 44. Kc4 Kh6 45. Ne3 Kh5 46. Kb5
Ba7 47. Ka6 Bb8 48. Kb7 1-0